000 00558nam a2200217Ia 4500
005 20241129120316.0
008 241129s9999||||xx |||||||||||||| ||und||
020 _a9788119028597
037 _aTB
040 _aSDCL
_beng
_cSDCL
041 _ahin
_2hin
084 _aO152,3N37 R3
_qSDCL
100 _aShukla Vinod Kumar
245 0 _aKhilega To Dekhenge
260 _aDelhi
_bRajkamal prakashan India
_c2023
300 _a246p
365 _aINR
_b795
650 _aHindi
942 _cTB
_hO152,3N37 R3
999 _c1234269
_d1234269